Open education and the American school (Record no. 33188)

MARC details
000 -LEADER
fixed length control field 00428nam a2200169Ia 4500
020 ## - INTERNATIONAL STANDARD BOOK NUMBER
ISBN 0- 8052- 0457- 1
050 ## - CALL MARK
Classification number LB1029.O6B37
100 ## - STATEMENT OF RESPONSIBILITY--MAIN AUTHOR NAME
Personal name Roland S. Barth
245 #0 - TITLE STATEMENT
Title Open education and the American school
260 ## - PUBLICATION, DISTRIBUTION, ETC. (IMPRINT)
Name of publisher Schocken books
260 ## - PUBLICATION, DISTRIBUTION, ETC. (IMPRINT)
Year of publication 1974
300 ## - PHYSICAL DESCRIPTION
Number of Pages 300 p
650 ## - SUBJECT ADDED ENTRY--TOPICAL TERM
Topical Term Open plan schools- United states
942 ## - ADDED ENTRY ELEMENTS (KOHA)
Koha item type Books
Holdings
Withdrawn status Lost status Source of classification or shelving scheme Damaged status Not for loan Permanent Location Current Location Date acquired Accession Number Price effective from Koha item type
    Library of Congress Classification     NILE UNIVERSITY OF NIGERIA - MAIN LIBRARY NILE UNIVERSITY OF NIGERIA - MAIN LIBRARY 04/23/2025 0005032 04/23/2025 Books